Познай столиците в Южна Америка - Statistics

General Stats
  • This quiz has been taken 72 times
  • The average score is 9 of 13
Answers on the Map
Answers color-coded by a green-red scale on the quiz's map according to % correct below.
 
Answer Stats
Answer % Correct
Бразилия
97%
Буенос Айрес
88%
Сантяго
79%
Монтевидео
79%
Лима
73%
Богота
70%
Асунсион
64%
Кито
61%
Каракас
58%
Сукре
58%
Ла Пас
55%
Джорджтаун
52%
Парамарибо
39%
No matching quizzes found
Score Distribution
Percent of People with Each Score
Percentile by Number Answered
Your Score History
You have not taken this quiz